|
|
|
|
| LEADER |
01783cas a2200253 a 4500 |
| 001 |
AALejournalIMF005114 |
| 008 |
230101c9999 xx r poo 0 0eng d |
| 020 |
|
|
|c 5.00 USD
|
| 020 |
|
|
|z 9781451869989
|
| 022 |
|
|
|a 1018-5941
|
| 040 |
|
|
|a BD-DhAAL
|c BD-DhAAL
|
| 100 |
1 |
|
|a Aiyar, Shekhar.
|
| 245 |
1 |
0 |
|a Much Ado About Nothing? :
|b Estimating the Impact of a U.S. Slowdown on Thai Growth /
|c Shekhar Aiyar, Ivan Tchakarov.
|
| 264 |
|
1 |
|a Washington, D.C. :
|b International Monetary Fund,
|c 2008.
|
| 300 |
|
|
|a 1 online resource (18 pages)
|
| 490 |
1 |
|
|a IMF Working Papers
|
| 500 |
|
|
|a <strong>Off-Campus Access:</strong> No User ID or Password Required
|
| 500 |
|
|
|a <strong>On-Campus Access:</strong> No User ID or Password Required
|
| 506 |
|
|
|a Electronic access restricted to authorized BRAC University faculty, staff and students
|
| 520 |
3 |
|
|a External demand was the main driver of growth in Thailand in 2006 and 2007. However, WEO projections indicate moderating foreign demand in 2008, with U.S. growth being revised downwards to reflect the turmoil in housing and credit markets, and high oil prices. While the share of Thai exports to the US has fallen in recent years, the US remains Thailand's largest export destination. We use a small structural model and Bayesian estimation to assess the possible impact of a U.S. slowdown on Thai growth. We find that a 1 percent slowdown in U.S. growth in 2008-relative to the baseline forecast-could have an upper-bound impact on Thai GDP growth of 0.9 percentage points.
|
| 538 |
|
|
|a Mode of access: Internet
|
| 700 |
1 |
|
|a Tchakarov, Ivan.
|
| 830 |
|
0 |
|a IMF Working Papers; Working Paper ;
|v No. 2008/140
|
| 856 |
4 |
0 |
|z Full text available on IMF
|u http://elibrary.imf.org/view/journals/001/2008/140/001.2008.issue-140-en.xml
|z IMF e-Library
|